Governing the World Trade Organization : (Record no. 22014)
[ view plain ]
| 000 -LEADER | |
|---|---|
| fixed length control field | 02639cam a22003135a 4500 |
| 001 - CONTROL NUMBER | |
| control field | 16453436 |
| 005 - DATE AND TIME OF LATEST TRANSACTION | |
| control field | 20160724105844.0 |
| 008 - FIXED-LENGTH DATA ELEMENTS--GENERAL INFORMATION | |
| fixed length control field | 100910s2014 enkad frb 001 0 eng d |
| 010 ## - LIBRARY OF CONGRESS CONTROL NUMBER | |
| LC control number | 2010038587 |
| 020 ## - INTERNATIONAL STANDARD BOOK NUMBER | |
| International Standard Book Number | 1107417031 |
| 020 ## - INTERNATIONAL STANDARD BOOK NUMBER | |
| International Standard Book Number | 9781107417038 |
| 040 ## - CATALOGING SOURCE | |
| Original cataloging agency | DLC |
| Language of cataloging | eng |
| Transcribing agency | DLC |
| Modifying agency | EG-ScBUE |
| 082 04 - DEWEY DECIMAL CLASSIFICATION NUMBER | |
| Classification number | 382.92 |
| Item number | GOV |
| Edition number | 22 |
| 245 00 - TITLE STATEMENT | |
| Title | Governing the World Trade Organization : |
| Remainder of title | past, present and beyond doha / |
| Statement of responsibility, etc | edited by Thomas Cottier and Manfred Elsig. |
| 260 ## - PUBLICATION, DISTRIBUTION, ETC. (IMPRINT) | |
| Place of publication, distribution, etc | Cambridge ; |
| -- | New York : |
| Name of publisher, distributor, etc | Cambridge University Press, |
| Date of publication, distribution, etc | 2014. |
| 300 ## - PHYSICAL DESCRIPTION | |
| Extent | xviii, 348 p. : |
| Other physical details | ill., charts ; |
| Dimensions | 24 cm. |
| 500 ## - GENERAL NOTE | |
| General note | Index : p. 337-348 |
| 504 ## - BIBLIOGRAPHY, ETC. NOTE | |
| Bibliography, etc | Includes bibligraphical references. |
| 505 ## - FORMATTED CONTENTS NOTE | |
| Formatted contents note | The origins and back to the future: a conversation with Ambassador / Julio Lacarte -- After globalization? : WTO reform and the new global political economy / Tony McGrew -- Internal measures in the multilateral trading system : where are the borders of the WTO agenda? / Marion Jansen -- Legitimising global economic governance through transnational parliamentarisation: how far have we come? : How much further must we go? / Markus Krajewski -- Adapting to new power balances : institutional reform in the WTO / Amrita Narlikar -- Delegation chains, agenda control, and political mobilisation : how the EU Commission tries to affect domestic mobilisation on the DDA / Bart Kerremans -- Developing countries and monitoring WTO commitments in response to the global economic crisis / Chad Bown -- Exploring the limits of institutional coherence in trade and development / Kent Jones -- The WTO as a 'living instrument': the contribution of consensus decision-making and informality to institutional norms and practices / Mary Footer -- Crisis situations and consensus seeking: adaptive decision making in the FAO and applying its lessons to the reform of the WTO / Robert Kissack -- A post-Montesquieu analysis of the WTO / Steve Charnovitz -- Reforming the WTO : the decision-making triangle revisited / Manfred Elsig and Thomas Cottier -- Barriers to WTO reform : intellectual narrowness and the production of path-dependent thinking / Rorden Wilkinson. |
| 520 ## - SUMMARY, ETC. | |
| Summary, etc | Discusses the various challenges the WTO faces and provides policy-relevant ideas to reform WTO governance.<br/> |
| 610 27 - SUBJECT ADDED ENTRY--CORPORATE NAME | |
| Corporate name or jurisdiction name as entry element | World Trade Organization. |
| Source of heading or term | BUEsh |
| 9 (RLIN) | 40415 |
| 650 ## - SUBJECT ADDED ENTRY--TOPICAL TERM | |
| Source of heading or term | BUEsh |
| 651 ## - SUBJECT ADDED ENTRY--GEOGRAPHIC NAME | |
| Source of heading or term | BUEsh |
| 653 ## - INDEX TERM--UNCONTROLLED | |
| Resource For college | Law |
| Arrived date list | July2016 |
| 700 1# - ADDED ENTRY--PERSONAL NAME | |
| Personal name | Cottier, Thomas |
| 9 (RLIN) | 40416 |
| Relator term | editor. |
| 700 1# - ADDED ENTRY--PERSONAL NAME | |
| Personal name | Elsig, Manfred |
| 9 (RLIN) | 40417 |
| Relator term | editor. |
| 856 41 - ELECTRONIC LOCATION AND ACCESS | |
| Materials specified | Table of contents only |
| Uniform Resource Identifier | <a href="http://www.loc.gov/catdir/enhancements/fy1101/2010038587-t.html">http://www.loc.gov/catdir/enhancements/fy1101/2010038587-t.html</a> |
| 942 ## - ADDED ENTRY ELEMENTS (KOHA) | |
| Source of classification or shelving scheme | Dewey Decimal Classification |
| Edition | 22 |
| Call number prefix | 382.92 GOV |
| Withdrawn status | Item status | Source of classification or shelving scheme | Damaged status | Not for loan | Vendor | Home library | Current library | Shelving location | Date acquired | Source of acquisition | Cost, normal purchase price | Serial Enumeration / chronology | Total Checkouts | Full call number | Barcode | Date last seen | Cost, replacement price | Koha item type |
|---|---|---|---|---|---|---|---|---|---|---|---|---|---|---|---|---|---|---|
| Dewey Decimal Classification | Baccah | Central Library | Central Library | First floor | 24/07/2016 | Purchase | 364.00 | 26080 | 382.92 GOV | 000032951 | 15/07/2025 | 455.00 | Book - Borrowing |